书目信息 |
| 题名: |
计算机在化学化工中的应用技术
|
|
| 作者: | 赵文元 , 王亦军 编著 | |
| 分册: | ||
| 出版信息: | 北京 科学出版社 2001 |
|
| 页数: | 392页 | |
| 开本: | 32开 | |
| 丛书名: | 计算机化学化工丛书 | |
| 单 册: | ||
| 中图分类: | O6-39 | |
| 科图分类: | ||
| 主题词: | 化学实验 | |
| 电子资源: | ||
| ISBN: | 7-03-009214-7 | |
| 000 | 00708nam0 2200229 45 | |
| 001 | 0303111062 | |
| 005 | 20031219104106.7 | |
| 010 | @a7-03-009214-7@dCNY30.00 | |
| 100 | @a20030311d2001 km y0chiy0120 ea | |
| 101 | 0 | @achi |
| 105 | @a z 000yy | |
| 200 | 1 | @a计算机在化学化工中的应用技术@AJi Suan Ji Zai Hua Xue Hua Gong Zhong DeYing Yong Ji Shu@f赵文元,王亦军编著@FZhao Wen Yuan,Wang Yi Jun Bian Zhu |
| 210 | @a北京@c科学出版社@d2001 | |
| 215 | @a392页@d32开 | |
| 225 | @a计算机化学化工丛书 | |
| 410 | @12001 @a计算机化学化工丛书 | |
| 606 | 0 | @a化学实验 |
| 690 | @aO6-39@v4 | |
| 701 | @a赵文元@4编著 | |
| 701 | 0 | @a王亦军@4编著 |
| 801 | @aCN@bTSTC@c20030311 | |
| 905 | @b321137-139@dO6-39@e255@f3 | |
| 计算机在化学化工中的应用技术/赵文元,王亦军编著.-北京:科学出版社,2001 |
| 392页;32开.-(计算机化学化工丛书) |
| ISBN 7-03-009214-7:CNY30.00 |
| ● |
| 相关链接 |
|
|
|
|
正题名:计算机在化学化工中的应用技术
索取号:O6-39/255
 
预约/预借
| 序号 | 登录号 | 条形码 | 馆藏地/架位号 | 状态 | 备注 |
| 1 | 0321137 | 203211372 | 第三借阅区/ [索取号:O6-39/255] | 在馆 | |
| 2 | 0321138 | 203211381 | 第三借阅区/ [索取号:O6-39/255] | 在馆 | |
| 3 | 0321139 | 203211390 | 第二样本阅览室/ [索取号:O6-39/255] | 在馆 | |
| 4 | 0323638 | 203236382 | 第三借阅区/ [索取号:O6-39/255] | 在馆 | |
| 5 | 0323639 | 203236391 | 第三借阅区/ [索取号:O6-39/255] | 在馆 | |
| 6 | 0323640 | 203236408 | 第三借阅区/ [索取号:O6-39/255] | 在馆 | |
| 7 | 0323641 | 203236417 | 第三借阅区/ [索取号:O6-39/255] | 在馆 | |
| 8 | 0323642 | 203236426 | 第三借阅区/ [索取号:O6-39/255] | 在馆 |